000 00850nam a2200205 i 4500
001 184216
003 ES-MaACL
005 20251005063137.0
008 150511s1903 fr |||| | fre d
100 1 _aPilon, Edmond,
_d1874-1945
_992042
245 1 0 _aOctave Mirbeau
_b: biographie illustrée de portraits, caricatures, autographes suivie d'opinions, de documents et d'une bibliographie ornements typographiques d'Orazi /
_cpar Edmond Pilon ; portrait-frontispice de Henry Bataille.
260 _aParis :
_bBibliothèque internationale d'édition,
_c1903.
300 _a47 p. :
_bil. ;
_c18 cm.
490 1 _aLes Célébrités d'aujourd'hui
600 0 4 _aMirbeau, Octave.
_981577
700 1 _aBataille, Henry.
_926392
830 0 _aLes Célébrités d'aujourd'hui
_9180788
852 _aES-MaACL
_jD-753(3)
999 _c184216
_d184216